000 01366cam a2200385 a 4500
999 _c831
_d831
001 000023959942
003 CaOOAMICUS
005 20210621091935.0
008 000626s2001 onca b 001 0 eng
016 _a009316469
020 _a0070871566 :
035 _a(Sirsi) 9344022
040 _aCaOTU
_beng
_cCaOTU
_dCaOONL
043 _an-cn---
050 _aHG185
_b.C2 S29 2001
055 0 2 _aHG185*
055 3 _aHG185 C2
_bS29 2001
082 0 _a332.1/068
_221
090 _a332.1068 S134 2001
100 1 _aSaunders, Anthony,
_d1949-
245 1 0 _aFinancial institutions management /
_cAnthony Saunders, Hugh Thomas.
250 _aSecond Canadian edition
260 _aToronto :
_bMcGraw-Hill Ryerson,
_cc2001.
300 _axxi, 746 pages :
_billustrations ;
_c26 cm.
336 _atext
_btxt
_2rdacontent
337 _aunmediated
_bn
_2rdamedia
338 _avolume
_bnc
_2rdacarrier
504 _aIncludes bibliographical references and index.
650 0 _aFinancial institutions
_zCanada
_xManagement.
650 0 _aRisk management
_zCanada.
700 1 _aThomas, Hugh Alun Lloyd.
770 0 _aThomas, Hugh Alun Lloyd.
_tInstructor's manual to accompany Financial institutions management, second Canadian edition.
_dToronto : McGraw-Hill Ryerson Limited, c2001.
_w(CaOONL)20010002170
942 _2lcc
_cBK
_nSO
948 _a03/03/2003
_b13/02/2004